[Event "Amsterdam Science Park 2023"]
[Site "Science Park, Amsterdam, Netherlands"]
[Date "2023.07.18"]
[Round "4.11"]
[White "De Groote, Ewoud"]
[Black "Merbis, Max"]
[Result "1-0"]
[WhiteElo "2232"]
[BlackElo "2057"]

1. e4 {[%clk 01:30:56]} {[%emt 00:00:02]} e5 {[%clk 01:30:50]} {[%emt
00:00:10]} 2. Nf3 {[%clk 01:31:10]} {[%emt 00:00:16]} Nc6 {[%clk 01:31:08]}
{[%emt 00:00:13]} 3. Bb5 {[%clk 01:31:36]} {[%emt 00:00:04]} a6 {[%clk
01:31:22]} {[%emt 00:00:17]} 4. Ba4 {[%clk 01:32:01]} {[%emt 00:00:04]} Nf6
{[%clk 01:31:31]} {[%emt 00:00:20]} 5. O-O {[%clk 01:32:21]} {[%emt 00:00:10]}
Be7 {[%clk 01:31:40]} {[%emt 00:00:21]} 6. Re1 {[%clk 01:32:39]} {[%emt
00:00:12]} b5 {[%clk 01:31:31]} {[%emt 00:00:40]} 7. Bb3 {[%clk 01:33:04]}
{[%emt 00:00:05]} d6 {[%clk 01:31:58]} {[%emt 00:00:03]} 8. c3 {[%clk
01:33:26]} {[%emt 00:00:09]} O-O {[%clk 01:32:22]} {[%emt 00:00:06]} 9. h3
{[%clk 01:33:31]} {[%emt 00:00:25]} Na5 {[%clk 01:31:45]} {[%emt 00:01:08]} 10.
Bc2 {[%clk 01:33:56]} {[%emt 00:00:04]} c5 {[%clk 01:32:13]} {[%emt 00:00:02]}
11. d4 {[%clk 01:34:21]} {[%emt 00:00:06]} Nd7 {[%clk 01:32:35]} {[%emt
00:00:08]} 12. d5 {[%clk 01:34:41]} {[%emt 00:00:10]} Nb6 {[%clk 01:32:22]}
{[%emt 00:00:43]} 13. Nbd2 {[%clk 01:33:08]} {[%emt 00:02:02]} f5 {[%clk
01:27:12]} {[%emt 00:05:41]} 14. exf5 {[%clk 01:33:06]} {[%emt 00:00:32]} Bxf5
{[%clk 01:27:36]} {[%emt 00:00:06]} 15. Bxf5 {[%clk 01:26:18]} {[%emt
00:07:18]} Rxf5 {[%clk 01:28:03]} {[%emt 00:00:03]} 16. Ne4 {[%clk 01:21:10]}
{[%emt 00:05:38]} Qd7 {[%clk 01:16:11]} {[%emt 00:12:23]} 17. Nfg5 {[%clk
01:08:15]} {[%emt 00:13:25]} Bxg5 {[%clk 01:11:17]} {[%emt 00:05:23]} 18. Bxg5
{[%clk 01:07:52]} {[%emt 00:00:53]} Nb7 {[%clk 01:06:45]} {[%emt 00:05:03]} 19.
b3 {[%clk 00:55:09]} {[%emt 00:13:14]} Rff8 {[%clk 00:47:07]} {[%emt 00:20:07]}
20. Qg4 {[%clk 00:40:48]} {[%emt 00:14:50]} Rae8 {[%clk 00:34:57]} {[%emt
00:12:40]} 21. Rad1 {[%clk 00:27:44]} {[%emt 00:13:34]} Qxg4 {[%clk 00:30:51]}
{[%emt 00:04:36]} 22. hxg4 {[%clk 00:28:13]} {[%emt 00:00:01]} Nd7 {[%clk
00:30:30]} {[%emt 00:00:51]} 23. f3 {[%clk 00:25:55]} {[%emt 00:02:48]} h6
{[%clk 00:22:30]} {[%emt 00:08:30]} 24. Bh4 {[%clk 00:24:59]} {[%emt 00:01:26]}
g5 {[%clk 00:22:06]} {[%emt 00:00:54]} 25. Bf2 {[%clk 00:22:34]} {[%emt
00:02:54]} Kg7 {[%clk 00:21:47]} {[%emt 00:00:49]} 26. a4 {[%clk 00:20:13]}
{[%emt 00:02:52]} Nf6 {[%clk 00:20:59]} {[%emt 00:01:17]} 27. Nxd6 {[%clk
00:18:09]} {[%emt 00:02:34]} Nxd6 {[%clk 00:21:20]} {[%emt 00:00:09]} 28. Bxc5
{[%clk 00:18:37]} {[%emt 00:00:02]} Rd8 {[%clk 00:21:10]} {[%emt 00:00:41]} 29.
axb5 {[%clk 00:18:32]} {[%emt 00:00:34]} axb5 {[%clk 00:21:33]} {[%emt
00:00:07]} 30. Rxe5 {[%clk 00:16:32]} {[%emt 00:02:30]} Rfe8 {[%clk 00:20:36]}
{[%emt 00:01:27]} 31. Bxd6 {[%clk 00:13:32]} {[%emt 00:03:30]} Rxd6 {[%clk
00:20:24]} {[%emt 00:00:42]} 32. Rxe8 {[%clk 00:13:55]} {[%emt 00:00:07]} Nxe8
{[%clk 00:20:52]} {[%emt 00:00:02]} 33. c4 {[%clk 00:14:12]} {[%emt 00:00:13]}
bxc4 {[%clk 00:18:36]} {[%emt 00:02:46]} 34. bxc4 {[%clk 00:14:37]} {[%emt
00:00:06]} Nc7 {[%clk 00:16:46]} {[%emt 00:02:19]} 35. Kf2 {[%clk 00:11:25]}
{[%emt 00:03:41]} Kf6 {[%clk 00:15:43]} {[%emt 00:01:33]} 36. Ke3 {[%clk
00:10:39]} {[%emt 00:01:17]} Ke5 {[%clk 00:15:06]} {[%emt 00:01:07]} 37. g3
{[%clk 00:10:36]} {[%emt 00:00:33]} Rf6 {[%clk 00:14:37]} {[%emt 00:00:59]} 38.
Ra1 {[%clk 00:06:20]} {[%emt 00:04:46]} Na6 {[%clk 00:11:31]} {[%emt 00:03:37]}
39. Ra5 {[%clk 00:05:02]} {[%emt 00:01:47]} Rb6 {[%clk 00:08:37]} {[%emt
00:03:25]} 40. f4+ {[%clk 00:05:18]} {[%emt 00:00:14]} Kd6 {[%clk 00:08:22]}
{[%emt 00:00:44]} 41. Kd4 {[%clk 00:05:23]} 1-0